LEADER 02510nam 2200421 450 001 9910828239703321 005 20210907110640.0 010 $a1-00-304811-0 010 $a1-003-04811-0 010 $a1-000-24582-9 035 $a(CKB)4100000011570846 035 $a(MiAaPQ)EBC6389881 035 $a(EXLCZ)994100000011570846 100 $a20201208d2021 uy 0 101 0 $aeng 135 $aurcnu|||||||| 181 $ctxt$2rdacontent 182 $cc$2rdamedia 183 $acr$2rdacarrier 200 00$aForensic and clinical forensic autopsy $ean atlas and handbook /$fedited by Cristoforo Pomara and Vittorio Fineschi 205 $aSecond edition. 210 1$aBoca Raton, Florida ;$aLondon ;$aNew York :$cCRC Press,$d[2021] 210 4$dİ 2021 215 $a1 online resource (229 pages) 311 $a0-367-33071-7 330 $a"All too often, forensic pathologists perform autopsies that are limited only to the body parts that are suspect, leading to biased and inaccurate results. A correct diagnosis for cause of death can only be reached by a strict and systematic examination of the whole body. Forensic and Clinical Forensic Autopsy: An Atlas and Handbook, Second Edition provides a step-by-step, photo-assisted guide illustrating the complete autopsy, from pre- through postautopsy procedures. Chapters look at external cadaver examiner, organ removal methods, laboratory procedures including recording and imaging techniques, microscopy applications, pediatric and fetal autopsies, and checking for genetic disease and DNA diagnosis. New chapters and sections to this edition cover histology and immunohistochemistry, in addition to added coverage on forensic anthropology and molecular autopsy. From macroscopic to microscopic approaches, this volume provides detailed guidelines for performance of autopsy on every part of the human body. Using these standardized protocols and with the proper knowledge, training, and experience, pathologists-and students of pathology and forensic pathology-can rely on this book to help them develop the skills needed to become experts in their field"--$cProvided by publisher. 606 $aAutopsy$xmethods 615 2$aAutopsy$xmethods 676 $a616.07 702 $aPomara$b Cristoforo 702 $aFineschi$b Vittorio 801 0$bMiAaPQ 801 1$bMiAaPQ 801 2$bMiAaPQ 906 $aBOOK 912 $a9910828239703321 996 $aForensic and clinical forensic autopsy$94115418 997 $aUNINA LEADER 03083nam 22005533 450 001 9910919821603321 005 20251116213932.0 010 $a9783031695575 010 $a3031695577 035 $a(MiAaPQ)EBC31867326 035 $a(Au-PeEL)EBL31867326 035 $a(CKB)37111021400041 035 $a(OCoLC)1493031119 035 $a(BIP)119665725 035 $a(BIP)114453332 035 $a(EXLCZ)9937111021400041 100 $a20250102d2025 uy 0 101 0 $aeng 135 $aurcnu|||||||| 181 $ctxt$2rdacontent 182 $cc$2rdamedia 183 $acr$2rdacarrier 200 10$a21st Century Foresight $eShaping the Future for Sustainable Social, Economic and Environmental Development in South Africa 205 $a1st ed. 210 1$aCham :$cSpringer,$d2025. 210 4$dİ2024. 215 $a1 online resource (398 pages) 225 1 $aScience, Technology and Innovation Studies 311 08$a9783031695568 311 08$a3031695569 330 $aUsing a new methodology for foresight studies, this book presents new findings and policy recommendations to improve living conditions and make progress toward achieving the Sustainable Development Goals (SDGs). Using the case of South Africa, the respective chapters show how social and economic challenges can be addressed in an inclusive and sustainable way. The book also provides guidelines for practitioners by introducing them to cutting-edge ways of formulating Science, Technology, and Innovation (STI) policies.   The new foresight methodology uses a combination of qualitative and quantitative methods, including horizon scanning and scenario planning, as well as big data analysis, scientometric and semantic methods. The innovative approaches developed throughout the book are subsequently demonstrated using a national foresight study in South Africa. The outputs and outcomes generated by the study can be used to inform the identification and selection of priorities for the next decadal plan for STI. The book offers a valuable asset for emerging and developing economies in Africa and around the world in terms of tackling the grand challenges of the 21st century, such as water, food, energy, climate change, health and education. 410 0$aScience, Technology and Innovation Studies 606 $aBUSINESS & ECONOMICS / Development / Economic Development$2bisacsh 606 $aBUSINESS & ECONOMICS / Environmental Economics$2bisacsh 606 $aMATHEMATICS / Probability & Statistics / General$2bisacsh 615 7$aBUSINESS & ECONOMICS / Development / Economic Development 615 7$aBUSINESS & ECONOMICS / Environmental Economics 615 7$aMATHEMATICS / Probability & Statistics / General 676 $a338.9270968 700 $aSaritas$b Ozcan$01781254 701 $aSokolov$b Alexander$01755640 701 $aCele$b M. B. G$g(Mlungisi)$01859726 801 0$bMiAaPQ 801 1$bMiAaPQ 801 2$bMiAaPQ 906 $aBOOK 912 $a9910919821603321 996 $a21st Century Foresight$94463866 997 $aUNINA